[Event "Cappelle Online Blitz op"]
[Site "Europe Echecs INT"]
[Date "2022.01.09"]
[Round "4"]
[White "Allentin, Eric"]
[Black "Atar, Efecan"]
[Result "1-0"]
[WhiteElo "1807"]
[BlackElo "1463"]
[PlyCount "119"]
[EventDate "2022.01.09"]
[EventType "swiss (blitz)"]
[EventRounds "11"]
[EventCountry "FRA"]
[SourceTitle "EXT 2023"]
[Source "ChessBase"]
[SourceDate "2022.10.05"]
[SourceVersion "1"]
[SourceVersionDate "2022.10.05"]
[SourceQuality "1"]

1. d4 d5 2. Nf3 Nf6 3. Bf4 e6 4. e3 c5 5. c3 Nc6 6. Nbd2 Bd6 7. Bg3 0-0 8. Be2 b6 9. 0-0 Bb7 10. a4 Rc8 11. Re1 cxd4 12. exd4 Re8 13. Bd3 Na5 14. b4 Nc4 15. Qb3 Nxd2 16. Nxd2 Bxg3 17. hxg3 Qc7 18. Rac1 Qd6 19. Nf3 Nd7 20. Bb5 Bc6 21. Ba6 Rc7 22. c4 dxc4 23. Qxc4 Nb8 24. Ne5 Nxa6 25. Qxa6 Rec8 26. Nxc6 Rxc6 27. Rxc6 Qxc6 28. Qxa7 Qc3 29. Rf1 Qxb4 30. Qb7 Rf8 31. Qd7 h6 32. Rc1 Ra8 33. Rc7 Qe1+ 34. Kh2 Qxf2 35. Rb7 Qf5 36. Qb5 Qe4 37. Rxb6 Qxd4 38. a5 Rc8 39. a6 Rc5 40. Rb8+ Kh7 41. Qb1+ g6 42. Rb5 Rxb5 43. Qxb5 Qa7 44. Qb7 Qc5 45. Qxf7+ Kh8 46. Qxe6 Qh5+ 47. Qh3 Qg5 48. a7 Qd8 49. Qxh6+ Kg8 50. Qxg6+ Kf8 51. Qf5+ Ke8 52. Qe4+ Kf8 53. a8Q Qxa8 54. Qxa8+ Kf7 55. Kh3 Kg6 56. Kg4 Kh6 57. Kf5 Kg7 58. Qa7+ Kh6 59. Qb7 Kh5 60. Qh7# 1-0

[Event "Cappelle Online Blitz op"]
[Site "Europe Echecs INT"]
[Date "2022.01.09"]
[Round "11"]
[White "Atar, Efecan"]
[Black "Arcelin, Gael"]
[Result "1-0"]
[WhiteElo "1463"]
[BlackElo "1934"]
[PlyCount "65"]
[EventDate "2022.01.09"]
[EventType "swiss (blitz)"]
[EventRounds "11"]
[EventCountry "FRA"]
[SourceTitle "EXT 2023"]
[Source "ChessBase"]
[SourceDate "2022.10.05"]
[SourceVersion "1"]
[SourceVersionDate "2022.10.05"]
[SourceQuality "1"]

1. c4 Nf6 2. Nf3 g6 3. g3 Bg7 4. Bg2 0-0 5. 0-0 d6 6. Nc3 e5 7. d4 Nbd7 8. dxe5 dxe5 9. Bg5 h6 10. Be3 Ng4 11. Bd2 f5 12. Qc1 e4 13. Ne1 Nde5 14. h3 Nxc4 15. hxg4 Nxd2 16. Nc2 Nxf1 17. gxf5 Nd2 18. fxg6 Qf6 19. Qxd2 Qxf2+ 20. Kh2 Be5 21. Qd5+ Kg7 22. Qxe5+ Kxg6 23. Qxe4+ Bf5 24. Qxb7 Bxc2 25. Qa6+ Rf6 26. Qb7 Raf8 27. Rf1 Qc5 28. Rxf6+ Rxf6 29. Be4+ Bxe4 30. Qxe4+ Kg7 31. Qg4+ Kf8 32. Ne4 Rf1 33. Nxc5 1-0

[Event "Cappelle Online Blitz op"]
[Site "Europe Echecs INT"]
[Date "2022.01.09"]
[Round "1"]
[White "Atar, Efecan"]
[Black "Bossard, Arnaud"]
[Result "0-1"]
[WhiteElo "1463"]
[BlackElo "2224"]
[PlyCount "84"]
[EventDate "2022.01.09"]
[EventType "swiss (blitz)"]
[EventRounds "11"]
[EventCountry "FRA"]
[SourceTitle "EXT 2023"]
[Source "ChessBase"]
[SourceDate "2022.10.05"]
[SourceVersion "1"]
[SourceVersionDate "2022.10.05"]
[SourceQuality "1"]

1. c4 g6 2. g3 Bg7 3. Bg2 Nf6 4. Nf3 d6 5. 0-0 0-0 6. d4 Nc6 7. Nc3 a6 8. e4 Rb8 9. d5 Na5 10. Qd3 c5 11. a3 b5 12. cxb5 c4 13. Qe2 axb5 14. Be3 Ng4 15. Bd4 Ne5 16. Nxe5 dxe5 17. Be3 Nb3 18. Rad1 Nd4 19. Bxd4 exd4 20. Na2 d3 21. Qd2 e6 22. Nb4 exd5 23. Nc6 Qc7 24. Nxb8 Qxb8 25. exd5 Bg4 26. f3 Bf5 27. Kh1 h5 28. Qb4 Rd8 29. f4 Bg4 30. Bf3 Bxf3+ 31. Rxf3 Rxd5 32. Re3 Bd4 33. Re4 Qb7 34. Rde1 Rd7 35. a4 Bf2 36. axb5 Bxe1 37. Qxe1 d2 38. Qd1 Qxe4+ 39. Kg1 Qe1+ 40. Qxe1 dxe1Q+ 41. Kg2 Rd2+ 42. Kf3 Qe2# 0-1

[Event "Cappelle Online Blitz op"]
[Site "Europe Echecs INT"]
[Date "2022.01.09"]
[Round "9"]
[White "Atar, Efecan"]
[Black "Courjal, Pauline"]
[Result "1-0"]
[WhiteElo "1463"]
[BlackElo "1942"]
[PlyCount "89"]
[EventDate "2022.01.09"]
[EventType "swiss (blitz)"]
[EventRounds "11"]
[EventCountry "FRA"]
[SourceTitle "EXT 2023"]
[Source "ChessBase"]
[SourceDate "2022.10.05"]
[SourceVersion "1"]
[SourceVersionDate "2022.10.05"]
[SourceQuality "1"]

1. c4 e5 2. g3 Nf6 3. Bg2 d5 4. cxd5 Nxd5 5. Nf3 Nc6 6. 0-0 Be7 7. Nc3 Be6 8. Nxd5 Bxd5 9. d3 0-0 10. Bd2 Qd7 11. Bc3 f6 12. a3 Kh8 13. Nd2 Bxg2 14. Kxg2 Nd4 15. Bxd4 exd4 16. Rc1 c6 17. Nf3 Rad8 18. b4 Rfe8 19. Qa4 a6 20. Rfe1 Bd6 21. Qb3 Bc7 22. Qc4 a5 23. b5 Re6 24. bxc6 Rxc6 25. Qb3 Bb6 26. Rxc6 Qxc6 27. Rb1 Rd6 28. Qf7 Rd8 29. Qe7 Re8 30. Qf7 Rd8 31. Qe7 h6 32. a4 Re8 33. Qf7 Rxe2 34. Qf8+ Kh7 35. Rb5 Qc2 36. Rxb6 Rxf2+ 37. Kh3 Rxf3 38. Rxb7 Kg6 39. Qxg7+ Kf5 40. Qg4+ Ke5 41. Qe4+ Kd6 42. Qe7+ Kd5 43. Rd7+ Kc6 44. Rc7+ Kb6 45. Rxc2 1-0

[Event "Cappelle Online Blitz op"]
[Site "Europe Echecs INT"]
[Date "2022.01.09"]
[Round "10"]
[White "Cahen, Alexis"]
[Black "Atar, Efecan"]
[Result "1-0"]
[WhiteElo "2067"]
[BlackElo "1463"]
[PlyCount "83"]
[EventDate "2022.01.09"]
[EventType "swiss (blitz)"]
[EventRounds "11"]
[EventCountry "FRA"]
[SourceTitle "EXT 2023"]
[Source "ChessBase"]
[SourceDate "2022.10.05"]
[SourceVersion "1"]
[SourceVersionDate "2022.10.05"]
[SourceQuality "1"]

1. d4 d5 2. Bf4 Nf6 3. e3 e6 4. Nf3 c5 5. c3 Nc6 6. Nbd2 Bd6 7. Ne5 Qc7 8. Ndf3 Nh5 9. Nxf7 Bxf4 10. Nxh8 Bd6 11. Ng5 Nf6 12. Bd3 g6 13. Nxg6 hxg6 14. Bxg6+ Kf8 15. h4 Qg7 16. h5 Qh6 17. f4 Nd8 18. Qf3 cxd4 19. cxd4 Bb4+ 20. Kf2 Bd7 21. Rac1 Bd6 22. Rh4 Kg7 23. g4 Nc6 24. Nh3 Qh8 25. g5 Ne4+ 26. Bxe4 dxe4 27. Qxe4 Rf8 28. h6+ Kf7 29. g6+ Ke7 30. g7 Qg8 31. gxf8Q+ Qxf8 32. h7 Qh8 33. Qg6 Nd8 34. Qg8 Nf7 35. Ng5 Nxg5 36. Qxh8 Ne4+ 37. Kf3 Bc6 38. Rxc6 Nd2+ 39. Ke2 bxc6 40. Qg7+ Kd8 41. h8Q+ Bf8 42. Qhxf8# 1-0

[Event "EU Union-ch U14 18th"]
[Site "Mureck"]
[Date "2021.08.12"]
[Round "9"]
[White "Ulrich, Helena Irene"]
[Black "Atar, Efecan"]
[Result "1-0"]
[WhiteElo "1540"]
[BlackElo "1481"]
[PlyCount "47"]
[EventDate "2021.08.04"]
[EventType "swiss"]
[EventRounds "9"]
[EventCountry "AUT"]
[SourceTitle "EXT 2022"]
[Source "ChessBase"]
[SourceDate "2021.10.06"]
[SourceVersion "1"]
[SourceVersionDate "2021.10.06"]
[SourceQuality "1"]

1. e4 d5 2. exd5 Qxd5 3. Nc3 Qa5 4. d4 Nf6 5. Nf3 Bg4 6. h3 Bxf3 7. Qxf3 Nc6 8. Bb5 0-0-0 9. Bxc6 bxc6 10. Qxc6 Rxd4 11. Be3 Rb4 12. 0-0-0 Rb7 13. Rd8+ Kxd8 14. Qxb7 e6 15. Rd1+ Nd7 16. Qc6 Ke7 17. Rxd7+ Kf6 18. Bd4+ Kg6 19. g4 Bb4 20. Qe4+ Kh6 21. Qf4+ Kg6 22. Qxf7+ Kg5 23. Qxg7+ Kh4 24. Qh6+ 1-0

[Event "EU Union-ch U14 18th"]
[Site "Mureck"]
[Date "2021.08.07"]
[Round "4"]
[White "Atar, Efecan"]
[Black "Hansson, Pavel"]
[Result "1-0"]
[WhiteElo "1481"]
[BlackElo "1067"]
[PlyCount "63"]
[EventDate "2021.08.04"]
[EventType "swiss"]
[EventRounds "9"]
[EventCountry "AUT"]
[SourceTitle "EXT 2022"]
[Source "ChessBase"]
[SourceDate "2021.10.06"]
[SourceVersion "1"]
[SourceVersionDate "2021.10.06"]
[SourceQuality "1"]

1. c4 e5 2. g3 Nc6 3. Bg2 Nf6 4. Nf3 Bc5 5. 0-0 e4 6. Ne1 Qe7 7. a3 a5 8. Nc3 d5 9. cxd5 Na7 10. d3 Bf5 11. dxe4 Bxe4 12. Nxe4 Nxe4 13. Qa4+ c6 14. dxc6 Nxc6 15. Qxe4 Qxe4 16. Bxe4 0-0 17. Bxc6 bxc6 18. Nd3 Bd6 19. Be3 Rab8 20. Rab1 Rfe8 21. Rfe1 Re6 22. Bf4 Bxf4 23. Nxf4 Re5 24. Nd3 Re6 25. f3 Rbe8 26. Kf2 h5 27. Rbc1 g5 28. Rc5 g4 29. f4 Ra8 30. Rxh5 Kg7 31. Rc5 Kg6 32. f5+ 1-0

[Event "GER-ch Net blitz qual4"]
[Site "Playchess.com INT"]
[Date "2021.05.10"]
[Round "1"]
[White "Atar, Efecan"]
[Black "Lachmann, Utz"]
[Result "0-1"]
[WhiteElo "1449"]
[BlackElo "1883"]
[PlyCount "60"]
[EventDate "2021.05.10"]
[EventType "swiss (blitz)"]
[EventRounds "11"]
[EventCountry "GER"]
[SourceTitle "CBM 202 Extra"]
[Source "ChessBase"]
[SourceDate "2021.07.31"]
[SourceVersion "1"]
[SourceVersionDate "2021.07.31"]
[SourceQuality "1"]

1. c4 f5 2. g3 Nf6 3. Bg2 g6 4. d4 Bg7 5. Nc3 0-0 6. Nf3 d6 7. 0-0 Nc6 8. d5 Na5 9. Qd3 c5 10. a3 Nb3 11. Rb1 Rb8 12. Nb5 Nxc1 13. Rfxc1 a6 14. Nc3 Bd7 15. b4 b6 16. Ng5 Kh8 17. Qe3 Ng4 18. Qd3 h6 19. Nf3 Qe8 20. h3 Ne5 21. Nxe5 Bxe5 22. Qe3 f4 23. Qd2 Qf7 24. g4 Kh7 25. Be4 Kg7 26. f3 Qf6 27. Qd3 Qh4 28. Bxg6 Qg3+ 29. Kf1 Bd4 30. Ne4 Qg1# 0-1

[Event "GER-ch Net blitz qual4"]
[Site "Playchess.com INT"]
[Date "2021.05.10"]
[Round "3"]
[White "Atar, Efecan"]
[Black "Platz, Daniel"]
[Result "1/2-1/2"]
[WhiteElo "1449"]
[BlackElo "1847"]
[PlyCount "99"]
[EventDate "2021.05.10"]
[EventType "swiss (blitz)"]
[EventRounds "11"]
[EventCountry "GER"]
[SourceTitle "CBM 202 Extra"]
[Source "ChessBase"]
[SourceDate "2021.07.31"]
[SourceVersion "1"]
[SourceVersionDate "2021.07.31"]
[SourceQuality "1"]

1. c4 Nf6 2. Nf3 e6 3. g3 c5 4. Bg2 Nc6 5. d4 cxd4 6. Nxd4 Bb4+ 7. Nc3 0-0 8. 0-0 Nxd4 9. Qxd4 Qb6 10. Qxb6 axb6 11. Nb5 d5 12. cxd5 Nxd5 13. a3 Bd7 14. Bxd5 exd5 15. Nc7 Ra5 16. Be3 Bc5 17. b4 Bxe3 18. bxa5 Bc5 19. axb6 d4 20. Rab1 Bxa3 21. Rfd1 Bf5 22. Rb3 Bc5 23. Kg2 Bc2 24. Rbb1 Bxd1 25. Rxd1 Bxb6 26. Nb5 Rd8 27. e3 dxe3 28. Rxd8+ Bxd8 29. fxe3 g6 30. e4 Kg7 31. Kf3 Kf6 32. Ke3 Bb6+ 33. Kf4 h5 34. e5+ Ke6 35. Nd6 Bc7 36. Nxb7 Bxe5+ 37. Kf3 g5 38. Nc5+ Kf5 39. h3 Bd4 40. Nb3 Bb6 41. g4+ hxg4+ 42. hxg4+ Ke5 43. Nd2 f6 44. Nc4+ Ke6 45. Nxb6 f5 46. gxf5+ Kxf5 47. Nd5 g4+ 48. Kg3 Kg5 49. Ne3 Kh5 50. Nxg4 1/2-1/2

[Event "GER-ch Net blitz qual4"]
[Site "Playchess.com INT"]
[Date "2021.05.10"]
[Round "5"]
[White "Atar, Efecan"]
[Black "Schmitt, Carsten1111"]
[Result "1-0"]
[WhiteElo "1449"]
[BlackElo "1723"]
[PlyCount "105"]
[EventDate "2021.05.10"]
[EventType "swiss (blitz)"]
[EventRounds "11"]
[EventCountry "GER"]
[SourceTitle "CBM 202 Extra"]
[Source "ChessBase"]
[SourceDate "2021.07.31"]
[SourceVersion "1"]
[SourceVersionDate "2021.07.31"]
[SourceQuality "1"]

1. c4 Nf6 2. Nf3 e6 3. g3 d5 4. Bg2 c5 5. 0-0 d4 6. d3 Nc6 7. Bg5 Be7 8. Nbd2 0-0 9. Qc2 e5 10. a3 a5 11. Rab1 h6 12. Bh4 g5 13. Nxg5 hxg5 14. Bxg5 Bf5 15. Qc1 Nd7 16. Bh6 Re8 17. Nf3 f6 18. Nh4 Bh7 19. Bd5+ Kh8 20. e3 Bf8 21. Bxf8 Nxf8 22. exd4 cxd4 23. Qh6 Ne7 24. Bf7 Ng8 25. Qh5 Re7 26. Bxg8 Kxg8 27. Rfe1 Qe8 28. Qg4+ Rg7 29. Qf3 Ng6 30. Nf5 Rf7 31. Nh6+ Kg7 32. Nxf7 Qxf7 33. b4 axb4 34. Rxb4 Rxa3 35. Rxb7 Ne7 36. Qg4+ Bg6 37. Qd7 Bxd3 38. c5 Bf5 39. Qxe7 Qxe7 40. Rxe7+ Kf8 41. Rb7 Rc3 42. Rb8+ Ke7 43. Rb7+ Kd8 44. Rf7 d3 45. Rxf6 d2 46. Rd1 Ke7 47. Rd6 Rxc5 48. R6xd2 Be6 49. Re2 Kf6 50. Rde1 e4 51. Rxe4 Rc2 52. Rxe6+ Kf5 53. R1e5+ 1-0

[Event "GER-ch Net blitz qual4"]
[Site "Playchess.com INT"]
[Date "2021.05.10"]
[Round "11"]
[White "Atar, Efecan"]
[Black "Spieker, Hans Joachim"]
[Result "0-1"]
[WhiteElo "1449"]
[BlackElo "1721"]
[PlyCount "67"]
[EventDate "2021.05.10"]
[EventType "swiss (blitz)"]
[EventRounds "11"]
[EventCountry "GER"]
[SourceTitle "CBM 202 Extra"]
[Source "ChessBase"]
[SourceDate "2021.07.31"]
[SourceVersion "1"]
[SourceVersionDate "2021.07.31"]
[SourceQuality "1"]

1. c4 Nf6 2. Nf3 d5 3. cxd5 Nxd5 4. Nc3 g6 5. e4 Nb4 6. d4 Bg7 7. Qa4+ N8c6 8. d5 Bd7 9. dxc6 Nxc6 10. Bb5 0-0 11. 0-0 a6 12. Bxc6 Bxc6 13. Qb3 e6 14. Be3 b5 15. Nd4 Bb7 16. Rfd1 Qe7 17. Qc2 Rfd8 18. Nb3 b4 19. Ne2 a5 20. Rxd8+ Rxd8 21. Rd1 Rxd1+ 22. Qxd1 Bxb2 23. Bd4 Qd6 24. f3 e5 25. Qc2 Bxd4+ 26. Nbxd4 exd4 27. Qd2 c5 28. Kf1 d3 29. Nc1 c4 30. Ke1 Qd4 31. Qf2 Qxf2+ 32. Kxf2 d2 33. Nd3 d1Q 34. Nc5 0-1

[Event "GER-ch Net blitz qual4"]
[Site "Playchess.com INT"]
[Date "2021.05.10"]
[Round "6"]
[White "Meschke, Andreas"]
[Black "Atar, Efecan"]
[Result "1-0"]
[WhiteElo "1830"]
[BlackElo "1449"]
[PlyCount "67"]
[EventDate "2021.05.10"]
[EventType "swiss (blitz)"]
[EventRounds "11"]
[EventCountry "GER"]
[SourceTitle "CBM 202 Extra"]
[Source "ChessBase"]
[SourceDate "2021.07.31"]
[SourceVersion "1"]
[SourceVersionDate "2021.07.31"]
[SourceQuality "1"]

1. e4 c5 2. Nf3 d6 3. Bb5+ Nd7 4. c4 a6 5. Ba4 Rb8 6. Nc3 Ngf6 7. d4 e6 8. dxc5 dxc5 9. e5 Ng8 10. 0-0 Ne7 11. Bg5 h6 12. Bh4 g5 13. Bg3 Nf5 14. Ne4 Be7 15. Re1 b5 16. cxb5 axb5 17. Bc2 h5 18. h3 h4 19. Bh2 Bb7 20. Nf6+ Bxf6 21. exf6 Rc8 22. Bxf5 Qxf6 23. Bg4 Rg8 24. Qd6 Rc6 25. Qd3 Qxb2 26. Rad1 Bc8 27. Ne5 Rc7 28. Nxf7 Kxf7 29. Bxe6+ Kf8 30. Qf5+ Kg7 31. Qxg5+ Kh7 32. Qxg8+ Kh6 33. Bf4+ Kh5 34. Qg4# 1-0

[Event "Europe Echecs Blitz May op"]
[Site "Europe Echecs INT"]
[Date "2021.05.09"]
[Round "4"]
[White "Atar, Efecan"]
[Black "Loureiro, Hugo"]
[Result "1-0"]
[WhiteElo "1481"]
[BlackElo "1763"]
[PlyCount "67"]
[EventDate "2021.05.09"]
[EventType "swiss (blitz)"]
[EventRounds "11"]
[EventCountry "FRA"]
[SourceTitle "CBM 202 Extra"]
[Source "ChessBase"]
[SourceDate "2021.07.31"]
[SourceVersion "1"]
[SourceVersionDate "2021.07.31"]
[SourceQuality "1"]

1. c4 c6 2. d4 d6 3. Nc3 Qc7 4. e4 Nd7 5. Nf3 e5 6. d5 Ngf6 7. Be3 Be7 8. Bd3 a6 9. 0-0 c5 10. a3 Nf8 11. b4 b6 12. Rb1 Ng6 13. bxc5 bxc5 14. Qa4+ Bd7 15. Qb3 0-0 16. Qb7 Qa5 17. Bd2 Qd8 18. Ne1 Nh5 19. Nc2 Nhf4 20. Bxf4 Nxf4 21. Be2 Bg5 22. Rb6 Nxe2+ 23. Nxe2 Ba4 24. Ne3 Qf6 25. Nf5 Bf4 26. Nxf4 exf4 27. Rxd6 Qg5 28. h4 Qg4 29. f3 Qh5 30. Rxa6 Rxa6 31. Qxa6 Bc2 32. Qb7 Bd3 33. Qb2 Bxf1 34. Qxg7# 1-0

[Event "Europe Echecs Blitz May op"]
[Site "Europe Echecs INT"]
[Date "2021.05.09"]
[Round "2"]
[White "Atar, Efecan"]
[Black "Vine, Guillaume"]
[Result "0-1"]
[WhiteElo "1481"]
[BlackElo "1810"]
[PlyCount "146"]
[EventDate "2021.05.09"]
[EventType "swiss (blitz)"]
[EventRounds "11"]
[EventCountry "FRA"]
[SourceTitle "CBM 202 Extra"]
[Source "ChessBase"]
[SourceDate "2021.07.31"]
[SourceVersion "1"]
[SourceVersionDate "2021.07.31"]
[SourceQuality "1"]

1. c4 Nf6 2. Nf3 g6 3. g3 Bg7 4. Bg2 0-0 5. 0-0 c6 6. Nc3 e6 7. d4 d5 8. b3 Re8 9. Bb2 Nbd7 10. Qd3 Qc7 11. e4 dxe4 12. Nxe4 Nxe4 13. Qxe4 Nf6 14. Qc2 b6 15. Ne5 Bb7 16. Rfe1 c5 17. Bxb7 Qxb7 18. dxc5 bxc5 19. Nd3 Qc6 20. Ne5 Qc7 21. Rad1 Rad8 22. Rxd8 Rxd8 23. Rd1 Rxd1+ 24. Qxd1 Ne4 25. Nd3 Bxb2 26. Nxb2 Qe5 27. Nd3 Qd4 28. Kg2 Nc3 29. Qd2 Ne4 30. Qe2 Nc3 31. Qe3 Qxe3 32. fxe3 Nxa2 33. Nxc5 Nb4 34. Kf3 Kf8 35. Ke4 Ke7 36. g4 Kd6 37. Nb7+ Kc7 38. Nc5 Kc6 39. Nd3 Nxd3 40. Kxd3 Kc5 41. Kc3 a5 42. h3 f5 43. Kd3 e5 44. e4 f4 45. h4 h6 46. Ke2 Kd4 47. Kd2 Kxe4 48. Ke2 Kd4 49. Kf3 a4 50. bxa4 Kxc4 51. Ke4 Kb4 52. a5 Kxa5 53. g5 hxg5 54. hxg5 Kb4 55. Kf3 Kc4 56. Ke4 Kc3 57. Kf3 Kd4 58. Ke2 e4 59. Kf2 f3 60. Ke1 Kd3 61. Kf2 e3+ 62. Kxf3 Kd2 63. Kf4 e2 64. Ke5 e1Q+ 65. Kf6 Qb1 66. Kf7 Qf5+ 67. Kg7 Kd3 68. Kh6 Kd4 69. Kg7 Kd5 70. Kh6 Kd6 71. Kg7 Ke7 72. Kh6 Kf7 73. Kh7 Qh3# 0-1

[Event "Europe Echecs Blitz May op"]
[Site "Europe Echecs INT"]
[Date "2021.05.09"]
[Round "6"]
[White "Atar, Efecan"]
[Black "Zargarov, Mikayel"]
[Result "0-1"]
[WhiteElo "1481"]
[BlackElo "1722"]
[PlyCount "44"]
[EventDate "2021.05.09"]
[EventType "swiss (blitz)"]
[EventRounds "11"]
[EventCountry "FRA"]
[SourceTitle "CBM 202 Extra"]
[Source "ChessBase"]
[SourceDate "2021.07.31"]
[SourceVersion "1"]
[SourceVersionDate "2021.07.31"]
[SourceQuality "1"]

1. c4 c5 2. Nf3 Nc6 3. d4 cxd4 4. Nxd4 g6 5. e4 Bg7 6. Be3 Nf6 7. Nc3 Ng4 8. Qxg4 Nxd4 9. Bxd4 Bxd4 10. Nd1 Qa5+ 11. Ke2 d5 12. exd5 Bxg4+ 13. f3 Bf5 14. Nc3 Bxc3 15. bxc3 Qxc3 16. Rd1 Qxc4+ 17. Kf2 Qc5+ 18. Kg3 h5 19. Be2 h4+ 20. Kf4 Rd8 21. Rc1 Qd4+ 22. Kg5 f6# 0-1

[Event "Europe Echecs Blitz May op"]
[Site "Europe Echecs INT"]
[Date "2021.05.09"]
[Round "9"]
[White "Guzman Mellado, Arcadio"]
[Black "Atar, Efecan"]
[Result "1-0"]
[WhiteElo "1868"]
[BlackElo "1481"]
[PlyCount "93"]
[EventDate "2021.05.09"]
[EventType "swiss (blitz)"]
[EventRounds "11"]
[EventCountry "FRA"]
[SourceTitle "CBM 202 Extra"]
[Source "ChessBase"]
[SourceDate "2021.07.31"]
[SourceVersion "1"]
[SourceVersionDate "2021.07.31"]
[SourceQuality "1"]

1. e4 c5 2. Nf3 d6 3. d4 Nf6 4. Nc3 cxd4 5. Nxd4 a6 6. Be3 Nc6 7. Be2 e6 8. 0-0 Be7 9. f4 0-0 10. Kh1 Qc7 11. Qe1 b5 12. f5 e5 13. Nf3 Bb7 14. Nd5 Nxd5 15. exd5 Nb4 16. Qxb4 Qxc2 17. Rae1 Qxf5 18. Nd4 Qg6 19. Nc6 Bxc6 20. dxc6 Rac8 21. Rc1 Qe6 22. Qa5 Ra8 23. h3 d5 24. c7 Rfc8 25. Bg4 Qd6 26. Bxc8 Rxc8 27. Bb6 d4 28. Qxa6 Qd7 29. Qb7 Bd6 30. Qc6 Qxc6 31. Rxc6 Be7 32. b3 d3 33. Rd1 e4 34. a4 Bb4 35. a5 d2 36. a6 e3 37. Bxe3 Ba5 38. a7 g6 39. Bxd2 Bxc7 40. Rxc7 Ra8 41. Be3 Kg7 42. Rdd7 Kg8 43. Rxf7 Kh8 44. Bd4+ Kg8 45. Rg7+ Kf8 46. Rxh7 Ke8 47. Rh8# 1-0

[Event "GER-ch Net blitz qual2"]
[Site "Playchess.com INT"]
[Date "2021.05.04"]
[Round "6"]
[White "Atar, Efecan"]
[Black "Schulz, Gerhard1111"]
[Result "1-0"]
[WhiteElo "1523"]
[BlackElo "1484"]
[PlyCount "107"]
[EventDate "2021.05.04"]
[EventType "swiss (blitz)"]
[EventRounds "11"]
[EventCountry "GER"]
[SourceTitle "CBM 202 Extra"]
[Source "ChessBase"]
[SourceDate "2021.07.31"]
[SourceVersion "1"]
[SourceVersionDate "2021.07.31"]
[SourceQuality "1"]

1. c4 e6 2. g3 d5 3. Bg2 Nf6 4. Nc3 c6 5. d3 Be7 6. Nf3 0-0 7. 0-0 Nbd7 8. cxd5 exd5 9. e4 dxe4 10. dxe4 Re8 11. e5 Nd5 12. Nxd5 cxd5 13. Qxd5 Qc7 14. Bf4 Nb6 15. Qd3 Qc4 16. Qxc4 Nxc4 17. b3 Nb6 18. Be3 Nd5 19. Bd4 Bb4 20. Rac1 Be6 21. Ng5 Ba3 22. Nxe6 fxe6 23. Rc4 Rec8 24. Rd1 b6 25. Rd2 Be7 26. Rdc2 Rf8 27. Bxd5 exd5 28. Rc7 Ba3 29. Rd7 Bc5 30. Bxc5 bxc5 31. Rxc5 Rf5 32. Rcxd5 Raf8 33. Rd8 Rxf2 34. e6 Re2 35. R5d6 h6 36. Rxf8+ Kxf8 37. Ra6 Ke7 38. Rxa7+ Kxe6 39. Rxg7 Rxa2 40. Rg6+ Kf5 41. Rxh6 Ra1+ 42. Kg2 Ra2+ 43. Kf3 Kg5 44. Rb6 Rxh2 45. b4 Rh1 46. b5 Rf1+ 47. Kg2 Rb1 48. Rb8 Kg4 49. b6 Rb2+ 50. Kf1 Kxg3 51. b7 Rb1+ 52. Ke2 Rb2+ 53. Kd3 Rb3+ 54. Kc4 1-0

[Event "Cappelle Online Blitz op"]
[Site "Europe Echecs INT"]
[Date "2021.03.07"]
[Round "10"]
[White "Maillard, Xavier"]
[Black "Atar, Efecan"]
[Result "1/2-1/2"]
[WhiteElo "1063"]
[BlackElo "1481"]
[PlyCount "126"]
[EventDate "2021.03.07"]
[EventType "swiss (blitz)"]
[EventRounds "11"]
[EventCountry "FRA"]
[SourceTitle "CBM 201 Extra"]
[Source "ChessBase"]
[SourceDate "2021.05.31"]
[SourceVersion "1"]
[SourceVersionDate "2021.05.31"]
[SourceQuality "1"]

1. c4 e6 2. Nc3 d5 3. cxd5 exd5 4. d4 Nf6 5. g3 Bb4 6. Bg2 c6 7. a3 Ba5 8. b4 Bc7 9. Nf3 0-0 10. 0-0 a5 11. b5 Be6 12. bxc6 bxc6 13. Ne5 Nbd7 14. Nxc6 Qc8 15. Ne7+ Kh8 16. Nxc8 Raxc8 17. Nb5 Bb6 18. a4 Rc4 19. e3 Rc6 20. f3 Rfc8 21. Ba3 Rc2 22. Nd6 R8c3 23. Bc5 Bxc5 24. dxc5 Rxc5 25. Rc1 Rxc1 26. Qxc1 Rxc1 27. Rxc1 g6 28. Rc8+ Kg7 29. Nb5 Nb6 30. Rc6 Nxa4 31. Nd6 Nb2 32. Ra6 Nc4 33. Nxc4 dxc4 34. Rxa5 Nd5 35. Rc5 Nxe3 36. Kf2 Nd1+ 37. Ke1 Ne3 38. Kf2 Nf5 39. g4 Nd4 40. Ke3 Nc2+ 41. Kd2 Nd4 42. Kc3 Ne2+ 43. Kd2 Nf4 44. Bf1 h6 45. Bxc4 Bxc4 46. Rxc4 Ng2 47. Rc7 Nh4 48. Ke3 Ng2+ 49. Kf2 Nf4 50. Kg3 Ne6 51. Ra7 Kf6 52. h4 g5 53. h5 Kg7 54. Ra6 Nf4 55. Ra7 Ne2+ 56. Kf2 Nf4 57. Kg3 Ne2+ 58. Kf2 Nd4 59. Ke3 Nc6 60. Rc7 Nb4 61. Ra7 Nc6 62. Rb7 Na5 63. Ra7 Nc6 1/2-1/2

[Event "Cappelle Online Blitz op"]
[Site "Europe Echecs INT"]
[Date "2021.03.07"]
[Round "8"]
[White "Roche, Laurent"]
[Black "Atar, Efecan"]
[Result "1-0"]
[WhiteElo "1766"]
[BlackElo "1481"]
[PlyCount "25"]
[EventDate "2021.03.07"]
[EventType "swiss (blitz)"]
[EventRounds "11"]
[EventCountry "FRA"]
[SourceTitle "CBM 201 Extra"]
[Source "ChessBase"]
[SourceDate "2021.05.31"]
[SourceVersion "1"]
[SourceVersionDate "2021.05.31"]
[SourceQuality "1"]

1. e4 e6 2. d4 d5 3. Nc3 dxe4 4. Nxe4 Nf6 5. Bg5 Nbd7 6. Nf3 Be7 7. Bxf6 Nxf6 8. Bd3 0-0 9. 0-0 b6 10. Ne5 Qxd4 11. Nxf6+ Kh8 12. Qh5 g6 13. Qxh7# 1-0

[Event "EU Union-ch U12"]
[Site "Kouty nad Desnou"]
[Date "2020.08.16"]
[Round "3"]
[White "Atar, Efecan"]
[Black "Prazak, Daniel"]
[Result "0-1"]
[WhiteElo "1395"]
[BlackElo "1795"]
[PlyCount "56"]
[EventDate "2020.08.14"]
[EventType "swiss"]
[EventRounds "9"]
[EventCountry "CZE"]
[SourceTitle "EXT 2021"]
[Source "ChessBase"]
[SourceDate "2020.10.23"]
[SourceVersion "1"]
[SourceVersionDate "2020.10.23"]
[SourceQuality "1"]

1. c4 Nf6 2. Nf3 c5 3. g3 d5 4. cxd5 Nxd5 5. Nc3 Nc6 6. Bg2 Nc7 7. d3 e5 8. 0-0 Be7 9. Be3 Be6 10. Ne4 b6 11. Nfg5 Bd5 12. Qa4 0-0 13. a3 Na5 14. b4 Bb3 15. Qxb3 Nxb3 16. Rab1 Nd4 17. Rfe1 Nc2 18. Rec1 Nxe3 19. fxe3 Bxg5 20. Nxg5 Qxg5 21. Bxa8 Qxe3+ 22. Kf1 Rxa8 23. bxc5 bxc5 24. Rc2 Ne6 25. Rcb2 g5 26. Rb7 g4 27. Re7 Ng5 28. Rbb7 Nh3 0-1

[Event "GER-chT School WK 4"]
[Site "Playchess.com INT"]
[Date "2020.06.16"]
[Round "5.2"]
[White "Atar, Efecan"]
[Black "Hellenbroich, Helene"]
[Result "1-0"]
[WhiteElo "1900"]
[BlackElo "1640"]
[PlyCount "46"]
[EventDate "2020.06.16"]
[EventType "team-swiss (blitz)"]
[EventRounds "5"]
[EventCountry "GER"]
[SourceTitle "EXT 2021"]
[Source "ChessBase"]
[SourceDate "2020.10.23"]
[SourceVersion "1"]
[SourceVersionDate "2020.10.23"]
[SourceQuality "1"]
[WhiteTeam "Kerpen SK"]
[BlackTeam "Luebeck Katharineum"]
[WhiteTeamCountry "GER"]
[BlackTeamCountry "GER"]

1. d4 d5 2. c4 c6 3. Nc3 Nf6 4. Bf4 Bf5 5. cxd5 cxd5 6. Qb3 b6 7. e4 Bxe4 8. Nb5 Na6 9. Qa4 Qd7 10. Qxa6 Rc8 11. Qxa7 Qxa7 12. Nxa7 Ra8 13. Bb5+ Nd7 14. f3 Bxf3 15. Nxf3 Rxa7 16. Ne5 Kd8 17. Nc6+ Kc8 18. Nxa7+ Kb7 19. Bxd7 Kxa7 20. Rc1 e6 21. Rc8 Kb7 22. Ke2 Bb4 23. Rxh8 Be7 1-0